The triumph of truth: (Record no. 5724)

000 -LEADER
fixed length control field 00668nam a2200193 a 4500
001 - CONTROL NUMBER
control field :::00003466$&:&@@
003 - CONTROL NUMBER IDENTIFIER
control field OkBaRHE
005 - DATE AND TIME OF LATEST TRANSACTION
control field 20000607103306.0
008 - FIXED-LENGTH DATA ELEMENTS--GENERAL INFORMATION
fixed length control field s1978 j 000 0 eng u
040 ## - CATALOGING SOURCE
Transcribing agency
100 1# - MAIN ENTRY--PERSONAL NAME
Personal name Kenyon, Don J.
245 14 - TITLE STATEMENT
Title The triumph of truth:
Remainder of title Romans 1-6.
260 ## - PUBLICATION, DISTRIBUTION, ETC. (IMPRINT)
Place of publication, distribution, etc Harrisburg, PA., :
Name of publisher, distributor, etc Christian Publications
Date of publication, distribution, etc c1978
300 ## - PHYSICAL DESCRIPTION
Extent 191 p. ;
Dimensions 22 cm.
490 0# - SERIES STATEMENT
Series statement An interpretation of the Epistle of Paul the Apostle to the Romans ; v. 1.
650 ## - SUBJECT ADDED ENTRY--TOPICAL TERM
Topical term or geographic name as entry element Bible New Testament Romans 1-6
General subdivision Commentaries
942 ## - ADDED ENTRY ELEMENTS (KOHA)
Source of classification or shelving scheme
Koha item type Books
Copies
Full call number Total Checkouts Barcode Damaged status Withdrawn status Permanent Location Price effective from Current Location Shelving location Source of classification or shelving scheme Lost status Koha item type Not for loan Date checked out Date acquired Copy number Total Renewals Date last seen
BS 2665.3 .K4513466  RHEMA Bible Training College2010-04-14RHEMA Bible Training CollegeGeneral Stacks  Books 2011-11-162010-04-14112018-03-28